| 000 | 01300nam a2200265 a 4500 | ||
|---|---|---|---|
| 008 | 060316s1987 ||||||||||||||||| || u | ||
| 020 | _a0521255651 | ||
| 020 | _a0521275601 | ||
| 050 | _aQ 181 Sci | ||
| 100 | _aEngelhardt, H. Tristram (Hugo Tristram), 1941- | ||
| 245 | 1 | 0 |
_aScientific controversies : case studies in the resolution and closure of disputes in science and technology / _cedited by H. Tristram Engelhardt, Jr. |
| 260 |
_aCambridge: _bCambridge University Press _c1987. |
||
| 300 | _ax, 639 p. | ||
| 350 | _a0.00 | ||
| 500 | _aIncludes bibliographical references and index. | ||
| 650 | _aSCIENCE--PHILOSOPHY--CASE STUDIES | ||
| 650 | _aTECHNOLOGY--SOCIAL ASPECTS--CASE STUDIES | ||
| 650 | _aTECHNOLOGY--PHILOSOPHY--CASE STUDIES | ||
| 650 | _aSCIENCE--SOCIAL ASPECTS--CASE STUDIES | ||
| 700 | _aCaplan, Arthur L | ||
| 856 | _uhttp://www.loc.gov/catdir/toc/cam021/84028480.html | ||
| 856 | _uhttp://www.loc.gov/catdir/description/cam022/84028480.html | ||
| 995 |
_aMAIN LIBRARY OPEN ACCESS _D0.00 _e730314 _FCBU-MAIN LIBRARY (Kitwe) _H2 _I50.00 _jQ 181 Sci _M2 _UAVAILABLE _y027324 _ZMain Library Open Access Collection |
||
| 995 |
_aMAIN LIBRARY OPEN ACCESS _D0.00 _e727964 _FCBU-MAIN LIBRARY (Kitwe) _H1 _I50.00 _jQ 181 Sci _M1 _UAVAILABLE _y025804 _ZMain Library Open Access Collection |
||
| 999 |
_c80362 _d80362 |
||